[Event "Edmonton-ch"]
[Site "Edmonton"]
[Date "2016.01.14"]
[Round "1.2"]
[White "Matras Clement, Agnieszka"]
[Black "Purewal, Sardul"]
[Result "1-0"]
[WhiteElo "2244"]
[BlackElo "1979"]
[PlyCount "59"]
[EventDate "2016.01.07"]
[EventType "k.o."]
[EventRounds "4"]
[EventCountry "CAN"]
[SourceTitle "EXT 2019"]
[Source "ChessBase"]
[SourceDate "2018.10.10"]
[SourceVersion "1"]
[SourceVersionDate "2018.10.10"]
[SourceQuality "1"]

1. e4 e6 2. d4 d5 3. Nd2 Nf6 4. e5 Nfd7 5. Bd3 c5 6. c3 Nc6 7. Ne2 cxd4 8. cxd4 f6 9. exf6 Nxf6 10. Nf3 Qc7 11. 0-0 Bd6 12. Bg5 0-0 13. Bh4 Nh5 14. Bg3 Nxg3 15. hxg3 Bd7 16. Rc1 Be8 17. Ng5 Qe7 18. Nxh7 Rf5 19. f4 Rh5 20. Ng5 Qf6 21. Nf3 Bg6 22. Ne5 Bxd3 23. Qxd3 Ne7 24. Qb5 b6 25. Qd7 Bb4 26. g4 Bd2 27. gxh5 Be3+ 28. Rf2 Bxf2+ 29. Kxf2 Qh4+ 30. Kg1 1-0

[Event "Alberta-ch Seniors"]
[Site "Edmonton"]
[Date "2015.04.25"]
[Round "1"]
[White "Aspler, Gerald"]
[Black "Purewal, Sardul"]
[Result "0-1"]
[WhiteElo "1771"]
[BlackElo "2005"]
[PlyCount "98"]
[EventDate "2015.04.25"]
[EventType "swiss"]
[EventRounds "5"]
[EventCountry "CAN"]
[SourceTitle "EXT 2017"]
[Source "ChessBase"]
[SourceDate "2016.10.25"]
[SourceVersion "1"]
[SourceVersionDate "2016.10.25"]
[SourceQuality "1"]

1. d4 d5 2. Nf3 c6 3. Bf4 Nf6 4. h3 e6 5. e3 Qb6 6. Qc1 c5 7. c3 cxd4 8. exd4 Nc6 9. Bd3 Bd7 10. 0-0 Be7 11. Nbd2 Rc8 12. Re1 0-0 13. Qb1 h6 14. Ne5 Nxe5 15. Bxe5 Bb5 16. Bc2 Nd7 17. Bg3 Bd6 18. Bxd6 Qxd6 19. Nf3 Qf4 20. a4 Ba6 21. a5 Rfe8 22. Ba4 Re7 23. Bxd7 Rxd7 24. Re3 Rdc7 25. Ne5 Qg5 26. Qd1 Qf5 27. Qd2 Qf4 28. g3 Qg5 29. h4 Qh5 30. Kg2 Qf5 31. Rf3 Qh7 32. Re1 Bb5 33. Qf4 Be8 34. Nd3 Qg6 35. g4 f6 36. h5 Qg5 37. Qg3 Bf7 38. Nf4 e5 39. Nh3 Qd2 40. Ree3 e4 41. Rf4 Qxb2 42. g5 fxg5 43. Nxg5 hxg5 44. Qxg5 Qa3 45. h6 Be6 46. Qg6 Qe7 47. Rg3 Rxc3 48. Rxc3 Rxc3 49. hxg7 Qxg7 0-1

[Event "Edmonton-ch"]
[Site "Edmonton"]
[Date "2012.01.26"]
[Round "2.2"]
[White "Porper, Edward"]
[Black "Purewal, Sardul"]
[Result "1/2-1/2"]
[WhiteElo "2441"]
[BlackElo "1997"]
[PlyCount "47"]
[EventDate "2012.01.05"]
[EventType "k.o."]
[EventRounds "4"]
[EventCountry "CAN"]
[SourceTitle "EXT 2019"]
[Source "ChessBase"]
[SourceDate "2018.10.10"]
[SourceVersion "1"]
[SourceVersionDate "2018.10.10"]
[SourceQuality "1"]

1. d4 Nf6 2. c4 g6 3. Nc3 d5 4. e3 Bg7 5. cxd5 Nxd5 6. Nxd5 Qxd5 7. Ne2 0-0 8. Nc3 Qd8 9. Be2 e5 10. d5 f5 11. e4 Nd7 12. h4 fxe4 13. Nxe4 Nf6 14. Bg5 Bf5 15. Bf3 Bxe4 16. Bxe4 Qd6 17. Bxf6 Qb4+ 18. Kf1 Qxe4 19. Bxg7 Kxg7 20. h5 Rad8 21. Rc1 Rf7 22. hxg6 hxg6 23. Qd2 Qf4 24. Qxf4 1/2-1/2

[Event "Edmonton-ch"]
[Site "Edmonton"]
[Date "2012.01.12"]
[Round "1.2"]
[White "Purewal, Sardul"]
[Black "Zeggelaar, Mike"]
[Result "1/2-1/2"]
[WhiteElo "1997"]
[BlackElo "1979"]
[PlyCount "55"]
[EventDate "2012.01.05"]
[EventType "k.o."]
[EventRounds "4"]
[EventCountry "CAN"]
[SourceTitle "EXT 2019"]
[Source "ChessBase"]
[SourceDate "2018.10.10"]
[SourceVersion "1"]
[SourceVersionDate "2018.10.10"]
[SourceQuality "1"]

1. Nf3 Nf6 2. c4 g6 3. g3 Bg7 4. Bg2 0-0 5. Nc3 d6 6. d4 Nbd7 7. e4 c5 8. 0-0 Rb8 9. h3 b5 10. cxb5 a6 11. a4 Ne8 12. dxc5 Nxc5 13. Be3 Bxc3 14. bxc3 Nxe4 15. Qd4 Nc5 16. Qd1 Qc7 17. Nd4 axb5 18. Nxb5 Qa5 19. Bxc5 dxc5 20. Qd5 Nc7 21. Qxc5 Nxb5 22. axb5 Qxb5 23. Qxe7 Bf5 24. Qf6 Rbd8 25. Rad1 Rc8 26. Rd2 Bd3 27. Rfd1 Be2 28. Bf1 1/2-1/2

[Event "Edmonton Fall Sectional A"]
[Site "Edmonton"]
[Date "2011.10.30"]
[Round "4"]
[White "Yam, Alex"]
[Black "Purewal, Sardul"]
[Result "1-0"]
[WhiteElo "2293"]
[BlackElo "2026"]
[PlyCount "67"]
[EventDate "2011.10.28"]
[EventType "tourn"]
[EventRounds "5"]
[EventCountry "CAN"]
[SourceTitle "EXT 2022"]
[Source "ChessBase"]
[SourceDate "2021.10.06"]
[SourceVersion "1"]
[SourceVersionDate "2021.10.06"]
[SourceQuality "1"]

1. e4 e5 2. Nf3 Nc6 3. d4 exd4 4. Nxd4 Bc5 5. Be3 Qf6 6. c3 Nge7 7. Bc4 0-0 8. 0-0 Bb6 9. Na3 Nxd4 10. cxd4 c6 11. e5 Qh4 12. Qf3 d5 13. exd6 Nf5 14. Bf4 Nxd4 15. Qg3 Qxg3 16. hxg3 Be6 17. Rad1 Bxc4 18. Nxc4 Ne2+ 19. Kh2 Nxf4 20. gxf4 Bc5 21. Rfe1 Rad8 22. Kg3 b5 23. Re5 Bb6 24. Nxb6 axb6 25. Re7 f5 26. Rc7 c5 27. Rc6 Rb8 28. Kh4 Rfc8 29. Rxc8+ Rxc8 30. Kg5 Kf7 31. Kxf5 b4 32. Ke5 c4 33. d7 Rd8 34. Kd6 1-0

[Event "Edmonton Fall Sectional A"]
[Site "Edmonton"]
[Date "2011.10.29"]
[Round "3"]
[White "Rekhson, Vladislav"]
[Black "Purewal, Sardul"]
[Result "1-0"]
[WhiteElo "2041"]
[BlackElo "2026"]
[PlyCount "47"]
[EventDate "2011.10.28"]
[EventType "tourn"]
[EventRounds "5"]
[EventCountry "CAN"]
[SourceTitle "EXT 2022"]
[Source "ChessBase"]
[SourceDate "2021.10.06"]
[SourceVersion "1"]
[SourceVersionDate "2021.10.06"]
[SourceQuality "1"]

1. e4 d5 2. exd5 Qxd5 3. Nc3 Qd8 4. d4 Nf6 5. Bc4 c6 6. Nf3 Bg4 7. Bxf7+ Kxf7 8. Ne5+ Ke8 9. Nxg4 Qd7 10. Ne5 Qf5 11. 0-0 Nbd7 12. Re1 Rd8 13. g4 Qe6 14. Ng6 Qxg4+ 15. Qxg4 Nxg4 16. Nxh8 Nb6 17. Re4 Nf6 18. Rh4 g6 19. Bg5 Nh5 20. Re1 Nc8 21. Rhe4 Rd7 22. Na4 Bg7 23. Nc5 Rxd4 24. Rxe7+ 1-0

[Event "Canadian op 48th"]
[Site "Toronto"]
[Date "2011.07.16"]
[Round "8"]
[White "Purewal, Sardul"]
[Black "Chidley Hill, John"]
[Result "1/2-1/2"]
[WhiteElo "2004"]
[BlackElo "1787"]
[PlyCount "103"]
[EventDate "2011.07.09"]
[EventType "swiss"]
[EventRounds "9"]
[EventCountry "CAN"]
[SourceTitle "EXT 2022"]
[Source "ChessBase"]
[SourceDate "2021.10.06"]
[SourceVersion "1"]
[SourceVersionDate "2021.10.06"]
[SourceQuality "1"]

1. d4 Nf6 2. c4 e6 3. Nf3 b6 4. e3 Bb7 5. Nc3 d5 6. cxd5 Nxd5 7. Bd2 Nd7 8. Be2 Be7 9. 0-0 0-0 10. Rc1 c5 11. dxc5 Nxc5 12. a3 Bf6 13. b4 Nd7 14. Nxd5 Bxd5 15. Bc3 Qe7 16. Bb5 Rfd8 17. Qe2 Rac8 18. Bxf6 Nxf6 19. Ba6 Bb7 20. Bxb7 Qxb7 21. h3 h6 22. Rfd1 Rxd1+ 23. Rxd1 Nd5 24. Qd2 Qa6 25. Qd3 Qa4 26. e4 Nc3 27. Ra1 Qb3 28. Qa6 Rc7 29. Qd3 Qc4 30. Qd8+ Kh7 31. e5 Nd5 32. Rd1 Qb3 33. Rd4 Qxa3 34. Rxd5 Rc1+ 35. Rd1 Rxd1+ 36. Qxd1 Qxb4 37. Qd7 a5 38. Qxf7 Qb3 39. Qd7 a4 40. Qd2 b5 41. Ne1 Kg6 42. Qd3+ Qxd3 43. Nxd3 a3 44. Nc1 Kf5 45. Kf1 Kxe5 46. Ke2 Kd4 47. Kd2 e5 48. Kc2 g5 49. Nb3+ Kc4 50. Nc1 Kd4 51. Ne2+ Kc4 52. Nc1 1/2-1/2

[Event "Canadian op 48th"]
[Site "Toronto"]
[Date "2011.07.14"]
[Round "6"]
[White "Purewal, Sardul"]
[Black "Luo, Zhao Yang"]
[Result "1/2-1/2"]
[WhiteElo "2004"]
[BlackElo "1894"]
[PlyCount "95"]
[EventDate "2011.07.09"]
[EventType "swiss"]
[EventRounds "9"]
[EventCountry "CAN"]
[SourceTitle "EXT 2022"]
[Source "ChessBase"]
[SourceDate "2021.10.06"]
[SourceVersion "1"]
[SourceVersionDate "2021.10.06"]
[SourceQuality "1"]

1. e4 c6 2. d4 d5 3. e5 c5 4. c3 Nc6 5. Be3 Qb6 6. Qb3 c4 7. Qc2 Bf5 8. Qc1 Qa5 9. Nd2 e6 10. Ngf3 Nge7 11. Be2 Bg6 12. Nh4 Nf5 13. Nxf5 Bxf5 14. 0-0 b5 15. a3 Be7 16. g4 Bg6 17. f4 f5 18. exf6 gxf6 19. f5 Bf7 20. fxe6 Bxe6 21. Bf4 Rg8 22. Kh1 Kd7 23. Bf3 Rae8 24. Qc2 Rg7 25. Rae1 Bd8 26. Re2 Bc7 27. Bxc7 Qxc7 28. Bg2 Qd8 29. Rfe1 Rge7 30. h3 Kc7 31. Nf1 Qd6 32. Qd2 a5 33. Rf2 Bf7 34. Rxe7+ Rxe7 35. Re2 Rxe2 36. Qxe2 Qe6 37. Ne3 Ne7 38. Qf3 Qd6 39. Kg1 Kc6 40. Nf5 Nxf5 41. Qxf5 Bg6 42. Qc8+ Kb6 43. Qg8 Be4 44. Bxe4 dxe4 45. Kg2 Qf4 46. Qd8+ Kb7 47. Qd7+ Kb6 48. Qd8+ 1/2-1/2

[Event "Edmonton WBX tt"]
[Site "Edmonton"]
[Date "2008.12.13"]
[Round "2"]
[White "Hansen, Eric"]
[Black "Purewal, Sardul"]
[Result "1-0"]
[WhiteElo "2362"]
[BlackElo "2081"]
[PlyCount "75"]
[EventDate "2008.12.13"]
[EventType "team-tourn"]
[EventRounds "5"]
[EventCountry "CAN"]
[SourceTitle "CBM 127 Extra"]
[Source "ChessBase"]
[SourceDate "2009.01.08"]
[SourceVersion "2"]
[SourceVersionDate "2009.01.28"]
[SourceQuality "1"]

1. e4 c5 2. Nf3 Nc6 3. d4 cxd4 4. Nxd4 Nf6 5. Nc3 d6 6. Bg5 e6 7. Qd2 a6 8. 0-0-0 Qc7 9. Bxf6 gxf6 10. f4 Bd7 11. Kb1 Nxd4 12. Qxd4 Be7 13. Be2 Bc6 14. f5 h5 15. g4 hxg4 16. fxe6 fxe6 17. Bxg4 Bd7 18. h3 Rc8 19. Rhf1 Qc5 20. Qd2 Qe5 21. Rde1 Rc4 22. a3 Kd8 23. Ne2 Bf8 24. Nf4 Bh6 25. Qe2 Rxc2 26. Nxe6+ Bxe6 27. Qxc2 Bg5 28. Bf5 Re8 29. Qf2 Rh8 30. Qa7 Bxf5 31. exf5 Qc5 32. Qb8+ Qc8 33. Qxd6+ Qd7 34. Qb8+ Qc8 35. Rd1+ Ke7 36. Rfe1+ Kf7 37. Qxc8 Rxc8 38. Rd7+ 1-0